Normal view
MARC view
- NAZIA PERWAIZ
Entry Personal Name
001 - CONTROL NUMBER
- control field: 72894
003 - CONTROL NUMBER IDENTIFIER
- control field: NUST
005 - DATE AND TIME OF LATEST TRANSACTION
- control field: 20210628204934.0
008 - FIXED-LENGTH DATA ELEMENTS
- fixed length control field: 210628|| aca||aabn | a|a d
040 ## - CATALOGING SOURCE
- Original cataloging agency: NUST
- Transcribing agency: NUST
100 ## - HEADING--PERSONAL NAME
- Personal name: NAZIA PERWAIZ
670 ## - SOURCE DATA FOUND
- Source citation: Work cat.: (NUST): NAZIA PERWAIZ, , TH-SOF-0636-ENERGY AWARE AND LOAD BALANCING GEOGRAPHIC ROUTING IN WIRELESS SENSOR NETWORKS, 2018
